000 00970 a2200217 4500
001 41656
005 20260407155709.0
008 260407a1977 arg spa d
003 AR-UNSa-BCEJYS
040 _aAR-UNSa-BCEJYS
_bspa
_cAR-UNSa-BCEJYS
080 _a347.232.4
_xUsucapión. Adquisición por uso. Prescripción adquisitiva
245 1 0 _aPrescripción adquisitiva de dominio
250 _a2a. ed.
264 1 _aBuenos Aires :
_bAstrea
_c1977
300 _a341 p.
_c20 cm.
505 _a1. Prescripción adquisitiva de inmuebles en el derecho argentino - 2. Análisis de las etapas de la usucapión en el derecho argentino - 3. Análisis de las disposiciones del nuevo código procesal civil y comercial de la provincia de Buenos Aires - 4. Acción reivindicatoria del propietario frente al prescribiente - 5. Prescripción adquisitiva de sepulcros
041 _aspa
942 _cBK
590 _aniveau_biblio:m niveau_hierar:0
100 1 _aLevitán, José
999 _c3523
_d3523